00301nam a2200121Ia 4500008004100000100002000041245003600061260002700097300000900124650002200133942000700155999001700162190216s9999||||xx |||||||||||||| ||und|| aJames Wilford G 0aPolitical Science And Goverment bAmerican Book Coc1935 a750p aPolitical Science cBK c34780d34780